「七」がつく市区町村名 - Statistics

General Stats
  • This quiz has been taken 38 times
  • The average score is 5 of 6
Answer Stats
都道府県または地方名 市町村名もしくは県名 % Correct
石川県 七尾市
100%
青森県 七戸町
100%
北海道 七飯町
85%
宮城県 七ヶ宿町
82%
宮城県 七ヶ浜町
82%
岐阜県 七宗町
74%
No matching quizzes found
Score Distribution
Percent of People with Each Score
Percentile by Number Answered
Your Score History
You have not taken this quiz